00513pab a2200169 454500008004000000100001700040245010000057260000900157300001500166362001100181650002200192650003400214650002400248700001600272700002100288773003400309180718b2000 xxu||||| |||| 00| 0 eng d aUt, Tran Thi aModern farm technology and infrastructure in Vietnam: impact on income distribution and poverty c2000 ap.4638-643 a30 Dec aPoverty - Vietnam aIncome distribution - Vietnam aIncome distribution aJanaiah, A. aHossain, Mahabub aEconomic and Political Weekly